[Event "Francophonie-ch blitz 7th"]
[Site "Paris"]
[Date "2019.08.10"]
[Round "4"]
[White "Ider, Borya"]
[Black "Ralison, Milanto Harifidy"]
[Result "1-0"]
[WhiteElo "2503"]
[BlackElo "2277"]
[PlyCount "99"]
[EventDate "2019.08.10"]
[EventType "swiss (blitz)"]
[EventRounds "11"]
[EventCountry "FRA"]
[SourceTitle "CBM 191 Extra"]
[Source "ChessBase"]
[SourceDate "2019.09.30"]
[SourceVersion "1"]
[SourceVersionDate "2019.09.30"]
[SourceQuality "1"]

1. Nf3 Nf6 2. b3 a5 3. Bb2 a4 4. e3 e6 5. d4 Ne4 6. Bd3 d5 7. 0-0 Nd7 8. Bxe4 dxe4 9. Nfd2 f5 10. f3 Qg5 11. fxe4 Qxe3+ 12. Kh1 Nf6 13. exf5 b5 14. d5 Qh6 15. fxe6 Bd6 16. h3 0-0 17. Nc3 Bb7 18. Nde4 Be5 19. Ba3 Rfe8 20. Nxf6+ Bxf6 21. Nxb5 Bxa1 22. Nxc7 Be5 23. Nxa8 Bxa8 24. c4 Qg5 25. Qf3 Qf6 26. Qe2 Qg5 27. Bc1 Qg3 28. Kg1 Bd4+ 29. Kh1 Be5 30. Kg1 Bd4+ 31. Rf2 Bxf2+ 32. Qxf2 Qxf2+ 33. Kxf2 Kf8 34. Ba3+ Kg8 35. d6 Rf8+ 36. Kg3 Bc6 37. d7 Ra8 38. Be7 axb3 39. axb3 g6 40. d8Q+ Rxd8 41. Bxd8 Kf8 42. Bf6 Be4 43. b4 Bd3 44. c5 Bb5 45. Kf4 Bc4 46. Ke5 Ke8 47. Kd6 Bf1 48. c6 Bxg2 49. b5 Bf3 50. b6 1-0

[Event "Francophonie-ch 7th"]
[Site "Paris"]
[Date "2019.08.10"]
[Round "7"]
[White "Ralison, Milanto Harifidy"]
[Black "Di Nicolantonio, Lucas"]
[Result "1-0"]
[WhiteElo "2277"]
[BlackElo "2394"]
[PlyCount "125"]
[EventDate "2019.08.04"]
[EventType "swiss"]
[EventRounds "9"]
[EventCountry "FRA"]
[SourceTitle "CBM 191 Extra"]
[Source "ChessBase"]
[SourceDate "2019.09.30"]
[SourceVersion "1"]
[SourceVersionDate "2019.09.30"]
[SourceQuality "1"]

1. e4 g6 2. d4 Bg7 3. Nc3 d6 4. Be3 a6 5. a4 b6 6. Bc4 e6 7. f3 Ne7 8. Bb3 c5 9. Nge2 Nbc6 10. d5 exd5 11. Nxd5 0-0 12. c3 Bb7 13. Qd2 b5 14. Rd1 c4 15. Ba2 Ne5 16. Nxe7+ Qxe7 17. 0-0 Rad8 18. Nf4 f5 19. Nd5 Qe6 20. Bg5 Rd7 21. Bb1 fxe4 22. fxe4 Rdf7 23. Rxf7 Rxf7 24. h3 Qe8 25. axb5 axb5 26. Bc2 Qf8 27. Nf4 Qe8 28. Nd5 Qf8 29. Ne3 h6 30. Bh4 Nd3 31. Bxd3 cxd3 32. Qxd3 Be5 33. Nd5 g5 34. Bg3 Qe8 35. Bxe5 Qxe5 36. Qd4 Qe6 37. Rf1 Rxf1+ 38. Kxf1 Kh7 39. Ke2 Qf7 40. Ne3 Qe6 41. Kd3 Qa2 42. Kc2 Qe6 43. Nd5 Qf7 44. Kb3 Qf1 45. Ne3 Qa1 46. Kc2 Qa8 47. Nd5 Qf8 48. Qf6 Qxf6 49. Nxf6+ Kg6 50. Nd5 g4 51. h4 g3 52. Kd3 Kh5 53. Ke3 Kxh4 54. Kf4 Kh5 55. Ne7 Ba8 56. Nf5 d5 57. e5 d4 58. cxd4 Bxg2 59. Kxg3 Bb7 60. Kf4 Kg6 61. d5 h5 62. d6 Kf7 63. d7 1-0

[Event "Olympiad-43"]
[Site "Batumi"]
[Date "2018.10.05"]
[Round "11.1"]
[White "Drayton, Anthony"]
[Black "Ralison, Milanto Harifidy"]
[Result "0-1"]
[WhiteElo "2024"]
[BlackElo "2281"]
[PlyCount "88"]
[EventDate "2018.09.24"]
[EventType "team-swiss"]
[EventRounds "11"]
[EventCountry "GEO"]
[SourceTitle "CBM 187"]
[Source "ChessBase"]
[SourceDate "2018.12.11"]
[SourceVersion "1"]
[SourceVersionDate "2018.12.11"]
[SourceQuality "1"]
[WhiteTeam "Guyana"]
[BlackTeam "Madagascar"]
[WhiteTeamCountry "GUY"]
[BlackTeamCountry "MAD"]

1. d4 Nf6 2. Bf4 c5 3. d5 Qb6 4. Nc3 Qxb2 5. Bd2 Qb6 6. e4 d6 7. f4 g6 8. Nf3 Bg7 9. Rb1 Qc7 10. Bc4 0-0 11. 0-0 Nbd7 12. Qe2 Nb6 13. e5 dxe5 14. fxe5 Ng4 15. d6 exd6 16. Nb5 Qc6 17. Nxd6 Nxc4 18. Qxc4 Be6 19. Qe2 Nxe5 20. Nxe5 Qxd6 21. Bf4 Qd4+ 22. Kh1 Rfe8 23. Rbd1 Qa4 24. Qf2 b6 25. c3 Bf5 26. Rde1 f6 27. Qf3 fxe5 28. Bxe5 Rad8 29. Bxg7 Kxg7 30. h3 Rxe1 31. Rxe1 Re8 32. Rf1 Qe4 33. Qg3 Qe5 34. Qf3 Re7 35. c4 Qe4 36. Qg3 Qd3 37. Qf4 Re4 38. Qc7+ Qd7 39. Qg3 h5 40. Qc3+ Kh7 41. Qf6 Qe6 42. Qf8 Re2 43. a4 Qe7 44. Qb8 Bxh3 0-1

[Event "Olympiad-43"]
[Site "Batumi"]
[Date "2018.10.03"]
[Round "9.2"]
[White "Beukes, Dante M"]
[Black "Ralison, Milanto Harifidy"]
[Result "1-0"]
[WhiteElo "2155"]
[BlackElo "2281"]
[PlyCount "87"]
[EventDate "2018.09.24"]
[EventType "team-swiss"]
[EventRounds "11"]
[EventCountry "GEO"]
[SourceTitle "CBM 187"]
[Source "ChessBase"]
[SourceDate "2018.12.11"]
[SourceVersion "1"]
[SourceVersionDate "2018.12.11"]
[SourceQuality "1"]
[WhiteTeam "Namibia"]
[BlackTeam "Madagascar"]
[WhiteTeamCountry "NAM"]
[BlackTeamCountry "MAD"]

1. e4 c5 2. Nf3 d6 3. d4 cxd4 4. Nxd4 Nf6 5. Nc3 a6 6. Bg5 Nbd7 7. f4 Qc7 8. Qe2 e5 9. fxe5 dxe5 10. Nf5 h6 11. Bxf6 Nxf6 12. 0-0-0 Be6 13. g4 Rc8 14. Kb1 b5 15. Nd5 Nxd5 16. exd5 Bxf5 17. gxf5 Be7 18. f6 gxf6 19. Bh3 Rd8 20. Qg4 Rf8 21. Qh5 Qc4 22. Be6 f5 23. Bxf5 Rxd5 24. Rxd5 Qxd5 25. Rd1 Qc6 26. Qh3 Bd6 27. Qxh6 Ke7 28. Qg5+ f6 29. Qg7+ Rf7 30. Qg4 Qc4 31. Qg2 b4 32. Qb7+ Kf8 33. Qa8+ Ke7 34. b3 Qc5 35. Qb7+ Kf8 36. Qxa6 Ke7 37. Qb7+ Kf8 38. Qa8+ Ke7 39. Rd5 Qf2 40. Qb7+ Kf8 41. Qc8+ Kg7 42. Rxd6 e4 43. Rd8 Kh6 44. h4 1-0

[Event "Francophone-ch 6th"]
[Site "Tirana"]
[Date "2018.08.31"]
[Round "8"]
[White "Ralison, Milanto Harifidy"]
[Black "Sanduleac, Vasile"]
[Result "0-1"]
[WhiteElo "2304"]
[BlackElo "2420"]
[PlyCount "112"]
[EventDate "2018.08.26"]
[EventType "swiss"]
[EventRounds "9"]
[EventCountry "ALB"]
[SourceTitle "CBM 186 Extra"]
[Source "ChessBase"]
[SourceDate "2018.08.24"]
[SourceVersion "1"]
[SourceVersionDate "2018.08.24"]
[SourceQuality "1"]

1. e4 g6 2. d4 Bg7 3. Nc3 c6 4. Nf3 d6 5. Be3 Qb6 6. a3 Nf6 7. h3 0-0 8. Bd3 Nbd7 9. 0-0 Qc7 10. Qd2 Re8 11. Kh1 e5 12. dxe5 dxe5 13. Ng1 Nf8 14. Nge2 Be6 15. f4 exf4 16. Bxf4 Qc8 17. Ng3 N6d7 18. Rae1 Ne5 19. Bh6 Bh8 20. Bg5 Nfd7 21. Nd1 Qc7 22. Bf4 Rad8 23. Qf2 Nxd3 24. Bxc7 Nxf2+ 25. Rxf2 Rc8 26. Bf4 Ne5 27. Bg5 Bg7 28. Bf6 a5 29. Ne3 Bxf6 30. Rxf6 Rcd8 31. Rff1 h5 32. b3 a4 33. bxa4 Ra8 34. Rb1 Rxa4 35. Rfd1 Rxa3 36. Ngf1 b5 37. Kg1 Kf8 38. Kf2 Ke7 39. Ra1 Rea8 40. Rxa3 Rxa3 41. Nd2 Ra4 42. Ke2 Nc4 43. Ndxc4 Bxc4+ 44. Nxc4 Rxc4 45. Kd3 Ra4 46. Rf1 f6 47. Rf2 Ke6 48. c3 Ke5 49. Re2 h4 50. Re1 Ra2 51. Rg1 g5 52. Rf1 Rxg2 53. Rf5+ Ke6 54. Rc5 Rg3+ 55. Kd4 Kd6 56. Rf5 c5+ 0-1

[Event "Pretoria Capablanca GM"]
[Site "Pretoria"]
[Date "2018.04.30"]
[Round "7"]
[White "Ralison, Milanto Harifidy"]
[Black "Kayonde, Andrew"]
[Result "1-0"]
[WhiteElo "2326"]
[BlackElo "2394"]
[PlyCount "53"]
[EventDate "2018.04.26"]
[EventType "tourn"]
[EventRounds "9"]
[EventCountry "RSA"]
[EventCategory "6"]
[SourceTitle "CBM 184 Extra"]
[Source "ChessBase"]
[SourceDate "2018.06.28"]
[SourceVersion "1"]
[SourceVersionDate "2018.06.28"]
[SourceQuality "1"]

1. e4 d5 2. exd5 Nf6 3. Bb5+ Nbd7 4. c4 g6 5. Nc3 Bg7 6. d4 0-0 7. Bxd7 Nxd7 8. Nge2 Nb6 9. b3 Bg4 10. f3 Bd7 11. Be3 Nc8 12. Qd2 Re8 13. Bh6 Bh8 14. h4 Nd6 15. h5 b5 16. hxg6 hxg6 17. c5 b4 18. Ne4 Nxe4 19. fxe4 e5 20. dxe6 Rxe6 21. e5 Bb5 22. Bg5 Qf8 23. Rxh8+ Kxh8 24. Nf4 Rc6 25. Nd5 Rd8 26. Nf6 Rxc5 27. Kf2 1-0

[Event "Pretoria Capablanca GM"]
[Site "Pretoria"]
[Date "2018.04.26"]
[Round "1"]
[White "Ralison, Milanto Harifidy"]
[Black "Grover, Sahaj"]
[Result "0-1"]
[WhiteElo "2326"]
[BlackElo "2490"]
[PlyCount "64"]
[EventDate "2018.04.26"]
[EventType "tourn"]
[EventRounds "9"]
[EventCountry "RSA"]
[EventCategory "6"]
[SourceTitle "CBM 184 Extra"]
[Source "ChessBase"]
[SourceDate "2018.06.28"]
[SourceVersion "1"]
[SourceVersionDate "2018.06.28"]
[SourceQuality "1"]

1. e4 e5 2. Nf3 Nc6 3. Nc3 Nf6 4. Bb5 Bb4 5. 0-0 0-0 6. Bxc6 dxc6 7. d3 Qd6 8. Ne2 c5 9. Ng3 Be6 10. c3 Ba5 11. Nxe5 Qxe5 12. f4 Qd6 13. e5 Bg4 14. Qd2 Qd5 15. exf6 Bf5 16. Qe2 g6 17. Qf2 Bxd3 18. Re1 Rfe8 19. Be3 Bb6 20. f5 Qd6 21. Rad1 c4 22. fxg6 Rxe3 23. Rxe3 fxg6 24. f7+ Kg7 25. Kh1 Rf8 26. Qe1 Bxe3 27. Qxe3 Rxf7 28. b3 Qf4 29. Qxa7 b6 30. Qa3 h5 31. Qb2 h4 32. Ne2 Qf2 0-1

[Event "Africa-ch U16"]
[Site "Cairo"]
[Date "2017.12.09"]
[Round "9.1"]
[White "Ralison, Milanto Harifidy"]
[Black "Hany, John"]
[Result "1-0"]
[WhiteElo "2242"]
[BlackElo "1874"]
[PlyCount "63"]
[EventDate "2017.12.03"]
[EventType "swiss"]
[EventRounds "9"]
[EventCountry "EGY"]
[SourceTitle "EXT 2024"]
[Source "ChessBase"]
[SourceDate "2023.10.10"]
[SourceVersion "1"]
[SourceVersionDate "2023.10.10"]
[SourceQuality "1"]

1. e4 d5 2. e5 Bf5 3. d4 e6 4. Ne2 c5 5. c3 Nc6 6. a3 Qa5 7. dxc5 Qxc5 8. b4 Qb6 9. Be3 Qc7 10. f4 f6 11. Nd4 fxe5 12. Nxf5 exf4 13. Nd4 Qe5 14. Bb5 Qxe3+ 15. Kf1 Nge7 16. Ra2 f3 17. gxf3 e5 18. Ne6 Kf7 19. Re2 Qh6 20. Nc5 b6 21. Nd3 Qd6 22. c4 Rd8 23. Nd2 g6 24. cxd5 Nxd5 25. Bxc6 Nc3 26. Qb3+ Kg7 27. Qxc3 Qxd3 28. Qxd3 Rxd3 29. Kg2 Bd6 30. Nc4 Bc7 31. Nxe5 Rc3 32. b5 1-0

[Event "Africa-ch U16"]
[Site "Cairo"]
[Date "2017.12.06"]
[Round "6.1"]
[White "Ralison, Milanto Harifidy"]
[Black "Kandil, Adham"]
[Result "1-0"]
[WhiteElo "2242"]
[BlackElo "2312"]
[PlyCount "77"]
[EventDate "2017.12.03"]
[EventType "swiss"]
[EventRounds "9"]
[EventCountry "EGY"]
[SourceTitle "EXT 2024"]
[Source "ChessBase"]
[SourceDate "2023.10.10"]
[SourceVersion "1"]
[SourceVersionDate "2023.10.10"]
[SourceQuality "1"]

1. e4 c5 2. Nf3 d6 3. Bb5+ Bd7 4. Bxd7+ Qxd7 5. 0-0 Nc6 6. c3 Nf6 7. Qe2 e6 8. d4 cxd4 9. cxd4 d5 10. e5 Ne4 11. Rd1 Be7 12. Be3 0-0 13. Ne1 f6 14. f3 Ng5 15. Nc3 fxe5 16. dxe5 Nf7 17. f4 Nh6 18. Kh1 Qe8 19. Nf3 Ng4 20. h3 Nxe3 21. Qxe3 Qf7 22. Ne2 Rac8 23. Rac1 b6 24. a3 Bc5 25. Qd3 Be7 26. Qa6 Rc7 27. b4 Nb8 28. Qd3 Rfc8 29. Rxc7 Rxc7 30. Nfd4 Nd7 31. Qg3 Nf8 32. f5 Rc4 33. Nf4 Rxd4 34. Rxd4 Qxf5 35. Rd1 Qxe5 36. Re1 Qf5 37. Qf3 a5 38. Nxd5 Qg5 39. Rf1 1-0

[Event "Africa-ch U16"]
[Site "Cairo"]
[Date "2017.12.04"]
[Round "2.2"]
[White "Ralison, Milanto Harifidy"]
[Black "Fouad, Mohamed"]
[Result "1-0"]
[WhiteElo "2242"]
[BlackElo "1852"]
[PlyCount "28"]
[EventDate "2017.12.03"]
[EventType "swiss"]
[EventRounds "9"]
[EventCountry "EGY"]
[SourceTitle "EXT 2024"]
[Source "ChessBase"]
[SourceDate "2023.10.10"]
[SourceVersion "1"]
[SourceVersionDate "2023.10.10"]
[SourceQuality "1"]

1. e4 c6 2. d4 d5 3. exd5 cxd5 4. Bd3 Nf6 5. Ne2 Bg4 6. 0-0 Nc6 7. c3 e6 8. Qe1 Bd6 9. f3 Bh5 10. Qh4 0-0 11. Bg5 Bg6 12. Bxg6 hxg6 13. f4 Be7 14. Nd2 Ne8 1-0

[Event "Olympiad-42"]
[Site "Baku"]
[Date "2016.09.12"]
[Round "10.4"]
[White "Ralison, Milanto Harifidy"]
[Black "Davila Blanco, Juan Jose"]
[Result "1/2-1/2"]
[WhiteElo "2058"]
[BlackElo "1904"]
[PlyCount "78"]
[EventDate "2016.09.02"]
[EventType "team-swiss"]
[EventRounds "11"]
[EventCountry "AZE"]
[SourceTitle "CBM 175"]
[Source "ChessBase"]
[SourceDate "2016.11.10"]
[SourceVersion "1"]
[SourceVersionDate "2016.11.10"]
[SourceQuality "1"]
[WhiteTeam "Madagascar"]
[BlackTeam "Puerto Rico"]
[WhiteTeamCountry "MAD"]
[BlackTeamCountry "PUR"]

1. e4 e6 2. d4 d5 3. Nc3 Nf6 4. Bg5 Bb4 5. e5 h6 6. Bd2 Bxc3 7. Bxc3 Ne4 8. Bb4 c5 9. Ba3 Qa5+ 10. c3 cxd4 11. Bb4 Qb6 12. Qxd4 Nc6 13. Qxb6 axb6 14. f4 Bd7 15. Nf3 Nc5 16. Ba3 Ra4 17. g3 0-0 18. Be2 Rfa8 19. 0-0 Na5 20. Bd1 Re4 21. Bxc5 bxc5 22. Kf2 Bb5 23. Rh1 d4 24. a4 Bc6 25. Rg1 Nc4 26. cxd4 Rd8 27. h3 cxd4 28. b3 Nb2 29. Ne1 d3 30. Rb1 Nxd1+ 31. Rxd1 Re2+ 32. Kf1 Be4 33. Nxd3 Rc2 34. Nf2 Rxd1+ 35. Nxd1 Bd3+ 36. Ke1 Re2+ 37. Kf1 Rc2+ 38. Ke1 Re2+ 39. Kf1 Rc2+ 1/2-1/2

[Event "Olympiad-42"]
[Site "Baku"]
[Date "2016.09.11"]
[Round "9.3"]
[White "Ralison, Milanto Harifidy"]
[Black "Adu, Oladapo"]
[Result "0-1"]
[WhiteElo "2058"]
[BlackElo "2334"]
[PlyCount "108"]
[EventDate "2016.09.02"]
[EventType "team-swiss"]
[EventRounds "11"]
[EventCountry "AZE"]
[SourceTitle "CBM 175"]
[Source "ChessBase"]
[SourceDate "2016.11.10"]
[SourceVersion "1"]
[SourceVersionDate "2016.11.10"]
[SourceQuality "1"]
[WhiteTeam "Madagascar"]
[BlackTeam "Nigeria"]
[WhiteTeamCountry "MAD"]
[BlackTeamCountry "NGR"]

1. e4 d6 2. d4 g6 3. Nc3 Bg7 4. f4 c6 5. h3 Nd7 6. Nf3 e6 7. Be3 Ne7 8. Bd3 Qb6 9. e5 dxe5 10. fxe5 Nxe5 11. 0-0 Nxf3+ 12. Qxf3 0-0 13. Kh1 Nf5 14. Bxf5 exf5 15. Na4 Qc7 16. c4 b6 17. Nc3 Ba6 18. b3 Rad8 19. Rfd1 b5 20. Bf4 Qa5 21. cxb5 cxb5 22. Nd5 Rd7 23. Ne3 Bb7 24. Qg3 Be4 25. Be5 Re8 26. Bxg7 Kxg7 27. d5 Qb6 28. Re1 Qd8 29. Rad1 Kh8 30. Kh2 Qf6 31. Qf4 Qe5 32. Qxe5+ Rxe5 33. Rd4 Bxd5 34. Red1 Rxe3 35. Rxd5 Rxd5 36. Rxd5 a6 37. Rd7 Kg7 38. Ra7 Re6 39. Kg3 g5 40. h4 h6 41. h5 Kf6 42. Kf3 f4 43. g3 fxg3 44. Kxg3 Rd6 45. a4 bxa4 46. bxa4 Ke6 47. a5 f5 48. Rh7 f4+ 49. Kf3 Kf5 50. Rf7+ Rf6 51. Rb7 g4+ 52. Kf2 Kg5 53. Rb6 f3 54. Kg3 f2 0-1

[Event "Olympiad-42"]
[Site "Baku"]
[Date "2016.09.08"]
[Round "6.4"]
[White "Ralison, Milanto Harifidy"]
[Black "Kalugampitiya, RS."]
[Result "1-0"]
[WhiteElo "2058"]
[BlackElo "2107"]
[PlyCount "57"]
[EventDate "2016.09.02"]
[EventType "team-swiss"]
[EventRounds "11"]
[EventCountry "AZE"]
[SourceTitle "CBM 175"]
[Source "ChessBase"]
[SourceDate "2016.11.10"]
[SourceVersion "1"]
[SourceVersionDate "2016.11.10"]
[SourceQuality "1"]
[WhiteTeam "Madagascar"]
[BlackTeam "Sri Lanka"]
[WhiteTeamCountry "MAD"]
[BlackTeamCountry "SRI"]

1. e4 c5 2. Nf3 d6 3. d4 cxd4 4. Nxd4 Nf6 5. Nc3 a6 6. Bg5 e6 7. f4 Be7 8. Qf3 Qc7 9. 0-0-0 0-0 10. g4 b5 11. a3 Bb7 12. h4 Nc6 13. f5 Rac8 14. Kb1 Nxd4 15. Rxd4 d5 16. Bg2 Nxe4 17. Bxe7 Nxc3+ 18. Qxc3 Qxe7 19. Qe3 Qc5 20. c3 Rfe8 21. f6 gxf6 22. g5 f5 23. Qe1 Qe7 24. Qe5 Qc7 25. Qf6 Qg3 26. Rd2 Rc4 27. h5 Qc7 28. h6 Kf8 29. g6 1-0

[Event "Olympiad-42"]
[Site "Baku"]
[Date "2016.09.06"]
[Round "5.3"]
[White "Ralison, Milanto Harifidy"]
[Black "O'Donnell, Conor"]
[Result "1-0"]
[WhiteElo "2058"]
[BlackElo "2343"]
[PlyCount "75"]
[EventDate "2016.09.02"]
[EventType "team-swiss"]
[EventRounds "11"]
[EventCountry "AZE"]
[SourceTitle "CBM 175"]
[Source "ChessBase"]
[SourceDate "2016.11.10"]
[SourceVersion "1"]
[SourceVersionDate "2016.11.10"]
[SourceQuality "1"]
[WhiteTeam "Madagascar"]
[BlackTeam "Ireland"]
[WhiteTeamCountry "MAD"]
[BlackTeamCountry "IRL"]

1. e4 c5 2. Nf3 Nc6 3. d4 cxd4 4. Nxd4 e5 5. Nb5 d6 6. N1c3 a6 7. Na3 Be7 8. Nc4 b5 9. Ne3 Nf6 10. Be2 0-0 11. 0-0 Nd4 12. f3 Qb6 13. Ncd5 Nxd5 14. Nxd5 Nxe2+ 15. Kh1 Qb7 16. Qxe2 Be6 17. Rd1 f5 18. Be3 Rac8 19. c3 Rc4 20. b3 Rc6 21. c4 Rfc8 22. Rab1 f4 23. Bg1 Bf8 24. a4 bxc4 25. bxc4 Qf7 26. a5 Rxc4 27. Rb6 Rc2 28. Rd2 Rc1 29. Rxa6 R8c5 30. Rd1 Bxd5 31. exd5 Rxd1 32. Qxd1 Qxd5 33. Qxd5+ Rxd5 34. Ra8 Rd1 35. a6 e4 36. fxe4 d5 37. a7 Ra1 38. Re8 1-0

[Event "Port Louis zt 4.3"]
[Site "Port Louis"]
[Date "2016.05.01"]
[Round "9"]
[White "Ralison, Milanto Harifidy"]
[Black "Marie, Patrick"]
[Result "1/2-1/2"]
[WhiteElo "2132"]
[BlackElo "2065"]
[PlyCount "61"]
[EventDate "2016.04.24"]
[EventType "swiss"]
[EventRounds "9"]
[EventCountry "MRI"]
[SourceTitle "CBM 172 Extra"]
[Source "ChessBase"]
[SourceDate "2016.06.21"]
[SourceVersion "1"]
[SourceVersionDate "2016.06.21"]
[SourceQuality "1"]

1. e4 c5 2. Nf3 Nc6 3. d4 cxd4 4. Nxd4 Nf6 5. Nc3 g6 6. Nxc6 dxc6 7. Qxd8+ Kxd8 8. Bf4 Be6 9. Be2 h5 10. f3 Bh6 11. Be5 Be3 12. Rd1+ Ke8 13. Rd3 Bb6 14. a3 Rd8 15. Na4 Rxd3 16. Bxd3 Bd8 17. Nc5 Bc8 18. Bc4 h4 19. h3 Rh5 20. Nd3 Bb6 21. Bf4 Nd7 22. Ke2 Nc5 23. Nxc5 Rxc5 24. Bb3 Rh5 25. Rd1 e5 26. Bd2 Bd4 27. c3 Bc5 28. Be3 Bxe3 29. Kxe3 Ke7 30. Rd2 g5 31. Ba2 1/2-1/2

[Event "Port Louis zt 4.3"]
[Site "Port Louis"]
[Date "2016.04.27"]
[Round "5"]
[White "Ralison, Milanto Harifidy"]
[Black "Koster, Jeroen Louis"]
[Result "1/2-1/2"]
[WhiteElo "2132"]
[BlackElo "1866"]
[PlyCount "58"]
[EventDate "2016.04.24"]
[EventType "swiss"]
[EventRounds "9"]
[EventCountry "MRI"]
[SourceTitle "CBM 172 Extra"]
[Source "ChessBase"]
[SourceDate "2016.06.21"]
[SourceVersion "1"]
[SourceVersionDate "2016.06.21"]
[SourceQuality "1"]

1. e4 c5 2. Nf3 g6 3. c4 Bg7 4. d4 cxd4 5. Nxd4 Nc6 6. Be3 e6 7. Nc3 Nge7 8. Ndb5 0-0 9. f4 d5 10. cxd5 exd5 11. exd5 Nf5 12. Bf2 Re8+ 13. Be2 Na5 14. 0-0 a6 15. Nd4 Ne3 16. Bxe3 Rxe3 17. Kh1 b5 18. Qd2 Re8 19. b4 Nc4 20. Bxc4 bxc4 21. Rad1 Qb6 22. Na4 Qd6 23. Qc3 Bb7 24. Qxc4 Bxd5 25. Qc5 Qxc5 26. bxc5 Rac8 27. Nb6 Be4 28. h3 Bf8 29. Rfe1 f5 1/2-1/2

[Event "Port Louis zt 4.3"]
[Site "Port Louis"]
[Date "2016.04.25"]
[Round "3"]
[White "Jotee, Ashvin"]
[Black "Ralison, Milanto Harifidy"]
[Result "1/2-1/2"]
[WhiteElo "1729"]
[BlackElo "2132"]
[PlyCount "56"]
[EventDate "2016.04.24"]
[EventType "swiss"]
[EventRounds "9"]
[EventCountry "MRI"]
[SourceTitle "CBM 172 Extra"]
[Source "ChessBase"]
[SourceDate "2016.06.21"]
[SourceVersion "1"]
[SourceVersionDate "2016.06.21"]
[SourceQuality "1"]

1. c4 Nf6 2. Nc3 g6 3. g3 Bg7 4. Bg2 0-0 5. d3 c6 6. Rb1 Na6 7. Nf3 Nc7 8. 0-0 d5 9. cxd5 Ncxd5 10. Nxd5 Nxd5 11. a3 a5 12. Bd2 a4 13. Qc1 Nc7 14. Bh6 Nb5 15. Bxg7 Kxg7 16. Qf4 f6 17. d4 Be6 18. Rfd1 Nd6 19. e4 Bb3 20. Re1 Nc4 21. Qc1 e5 22. Bf1 Na5 23. Qe3 exd4 24. Nxd4 Qe7 25. Nxb3 Nxb3 26. e5 Qd7 27. Rbd1 Qf5 28. e6 Nc5 1/2-1/2

[Event "Antananarivo op"]
[Site "Antananarivo"]
[Date "2015.08.07"]
[Round "5"]
[White "Ralison, Milanto Harifidy"]
[Black "L'Ami, Alina"]
[Result "0-1"]
[WhiteElo "1786"]
[BlackElo "2371"]
[PlyCount "72"]
[EventDate "2015.08.05"]
[EventType "swiss"]
[EventRounds "9"]
[EventCountry "MAD"]
[SourceTitle "EXT 2018"]
[Source "ChessBase"]
[SourceDate "2017.10.13"]
[SourceVersion "1"]
[SourceVersionDate "2017.10.13"]
[SourceQuality "1"]

1. e4 c5 2. Nf3 d6 3. d4 cxd4 4. Nxd4 Nf6 5. Nc3 a6 6. Bc4 e6 7. Bb3 b5 8. f4 Bb7 9. f5 e5 10. Nf3 Be7 11. Qd3 Nbd7 12. Be3 b4 13. Nd5 Bxd5 14. Bxd5 Nxd5 15. Qxd5 0-0 16. 0-0-0 a5 17. Rhg1 a4 18. g4 Qc7 19. g5 Rfc8 20. Ne1 Ra5 21. Qd3 Nc5 22. Bxc5 Qxc5 23. Rg2 b3 24. axb3 axb3 25. c3 Bxg5+ 26. Rxg5 Qf2 27. Rxg7+ Kxg7 28. Qg3+ Qxg3 29. hxg3 Ra1+ 30. Kd2 Rxd1+ 31. Kxd1 Rc4 32. Nd3 Rxe4 33. Nc1 Rg4 34. Nxb3 Rxg3 35. Nd2 d5 36. Kc1 h5 0-1

[Event "Antananarivo op"]
[Site "Antananarivo"]
[Date "2015.08.07"]
[Round "4"]
[White "Ralison, Milanto Harifidy"]
[Black "Mezouaghi, Miloud"]
[Result "1/2-1/2"]
[WhiteElo "1786"]
[BlackElo "2039"]
[PlyCount "89"]
[EventDate "2015.08.05"]
[EventType "swiss"]
[EventRounds "9"]
[EventCountry "MAD"]
[SourceTitle "EXT 2018"]
[Source "ChessBase"]
[SourceDate "2017.10.13"]
[SourceVersion "1"]
[SourceVersionDate "2017.10.13"]
[SourceQuality "1"]

1. e4 c5 2. Nf3 d6 3. d4 cxd4 4. Nxd4 Nf6 5. Nc3 a6 6. Bc4 e6 7. Bb3 Nbd7 8. f4 Qc7 9. f5 Nc5 10. 0-0 Be7 11. Qf3 e5 12. Nde2 Nxb3 13. cxb3 b5 14. Be3 Bb7 15. Rac1 Qd8 16. Rfd1 Rc8 17. Ng3 h5 18. h3 h4 19. Nh1 b4 20. Nd5 Nxd5 21. exd5 0-0 22. Rc4 Rxc4 23. bxc4 Qa5 24. Ra1 b3 25. a3 Rc8 26. Qg4 Kf8 27. Nf2 Qa4 28. Rc1 a5 29. Qe4 Ba6 30. c5 Qxe4 31. Nxe4 Bd3 32. Nxd6 Bxd6 33. cxd6 Rxc1+ 34. Bxc1 Bxf5 35. Bg5 Ke8 36. Bxh4 Be4 37. g4 Bxd5 38. Be7 Kd7 39. Bf8 g6 40. g5 Bc6 41. Kf2 Ke6 42. Ke3 Kd5 43. Be7 Bd7 44. h4 Bf5 45. Bf8 1/2-1/2

[Event "Wch U14"]
[Site "Durban"]
[Date "2014.09.27"]
[Round "9"]
[White "Schroeder, Kevin"]
[Black "Ralison, Milanto Harifidy"]
[Result "1-0"]
[WhiteElo "2250"]
[BlackElo "1803"]
[PlyCount "51"]
[EventDate "2014.09.20"]
[EventType "swiss"]
[EventRounds "11"]
[EventCountry "RSA"]
[SourceTitle "CBM 162 Extra"]
[Source "ChessBase"]
[SourceDate "2014.10.17"]
[SourceVersion "1"]
[SourceVersionDate "2014.10.17"]
[SourceQuality "1"]

1. d4 d5 2. c4 c6 3. Nf3 Nf6 4. e3 dxc4 5. Bxc4 Nbd7 6. 0-0 Nb6 7. Bd3 Bg4 8. Nbd2 e6 9. Qc2 Nbd5 10. a3 Be7 11. Ne5 Bh5 12. Ne4 Nxe4 13. Bxe4 f6 14. Bf3 fxe5 15. Bxh5+ g6 16. Bg4 Qd6 17. Bd2 0-0 18. e4 Nf6 19. dxe5 Qxe5 20. Bc3 Qf4 21. Bxe6+ Kg7 22. e5 Ne4 23. Rad1 Ng5 24. Rd4 Nf3+ 25. gxf3 Qxf3 26. Bg4 1-0